000 00552nam a2200193Ia 4500
005 20250508165204.0
008 008 250505s9999 xx 000 0 eng d
037 _aDissertations
040 _aFEDL
_beng
_cFEDL
041 _aeng
_2eng
084 _a155.4, BAN/DI
_qFEDL
100 _aBansal Deepali
_9780104
245 0 _aConstruction of self and identity in single children
260 _c2012
300 _a86p.
546 _aM.Ed. Dissertation, (Delhi University)
942 _cDIS
_h155.4, BAN/DI
999 _c1393672
_d1393672